Segmented reporting – the efficient instrument of a managerial accounting
Poukázanie na dôležitosť segmentovaného vykazovania, ktoré slúži ako nástroj v manažmente účtovníctva. Analýza, metodológia a prezentácia najaplikovateľnejších nástrojov segmentovaného vykazovania a vplyv na rozhodovacie procesy a celkový manažment organizácie.
Gespeichert in:
| 1. Verfasser: | |
|---|---|
| Weitere Verfasser: | |
| Format: | Buchkapitel |
| Sprache: | Englisch |
| Schlagworte: | |
| Tags: |
Keine Tags, Fügen Sie das erste Tag hinzu!
|
MARC
| LEADER | 00000nla a2200000 4500 | ||
|---|---|---|---|
| 001 | 0240107 | ||
| 005 | 20240522133937.0 | ||
| 041 | 0 | |a eng | |
| 044 | |a SK | ||
| 245 | 1 | 0 | |a Segmented reporting – the efficient instrument of a managerial accounting |c Gabriela Dubcová, Ľubica Foltínová |
| 520 | |a Poukázanie na dôležitosť segmentovaného vykazovania, ktoré slúži ako nástroj v manažmente účtovníctva. Analýza, metodológia a prezentácia najaplikovateľnejších nástrojov segmentovaného vykazovania a vplyv na rozhodovacie procesy a celkový manažment organizácie. | ||
| 610 | 2 | 0 | |a účtovníctvo |
| 610 | 2 | 0 | |a účtovníctvo manažérske |
| 610 | 2 | 0 | |a segmentácia |
| 610 | 2 | 0 | |a výkazy účtovné |
| 610 | 2 | 0 | |a výkazy finančné |
| 610 | 2 | 0 | |a procesy rozhodovacie |
| 100 | 1 | |a Dubcová, Gabriela, 1968- | |
| 700 | 1 | |a Foltínová, Ľubica, 1975- | |